Normal view
MARC view
- Kurup, O N V
Entry Personal Name
001 - CONTROL NUMBER
- control field: 6022
003 - CONTROL NUMBER IDENTIFIER
- control field: OSt
005 - DATE AND TIME OF LATEST TRANSACTION
- control field: 20240213155532.0
008 - FIXED-LENGTH DATA ELEMENTS
- fixed length control field: 240213|| aca||aabn | a|a d
040 ## - CATALOGING SOURCE
- Original cataloging agency: OSt
- Transcribing agency: OSt
100 ## - HEADING--PERSONAL NAME
- Personal name: Kurup, O N V
670 ## - SOURCE DATA FOUND
- Source citation: Work cat.: (OSt)220: Kurup, O N V ., Neelakkannukal , 1962.
